000 00306nam a22001337a 4500
008 170414b xxu||||| |||| 00| 0 eng d
020 _a139780781769846
041 _aeng
080 _26 ED
_a618
100 _a10
101 _aSHM
245 _aMAUAL OF NEOTNAL CARE
_cCLOHERTY.J.P
942 _2udc
_cBK
999 _c10739
_d10739